00570nam a2200181 a 450000100100000000500170001000800410002704000130006808200160008110000220009724500540011926000420017330000270021544000220024250400710026450400390033570000140037400000476320200929151511.0090727s1973 sp a 000 0 spa d aDO-SdBNP axxxxbS697q1 aSommermeyer, Anne10a¿Qué autoridad? /cAnne Sommermeyer, C. Duval. aBarcelona, España :bHerder,c1973. a98 p. :bil. ;c18 cm. 0pNuestros Hijosn4 aIncluye referencias bibliográficas notas al pie de las páginas aIncluye bibliografías (p. 97-98)1 aDuval, C.